000 00854cam a2200265 i 4500
001 bg
003 BPK
005 20201215101031.0
008 000320s1979 pl a f |000 0 pol
015 _aPB 1980/262
020 _a8320400813
040 _aWA N
_cBPK
041 0 _apol
080 _a621.86/.87
100 1 _aGoździecki, Maciej
_d(1923-2016).
245 1 0 _aPrzenośniki /
_cMaciej Goździecki, Henryk Świątkiewicz.
250 _aWyd. 2 całkowicie przer.
260 _aWarszawa :
_bWydaw-a Naukowo-Techniczne,
_c1979.
300 _a362, [1] s. :
_bil., tab., wykr., err. ;
_c31 cm.
504 _aBibliogr. s. 353-355.
650 4 _aPrzenośniki
700 1 _aŚwiątkiewicz, Henryk Jan
_eAutor
856 _uhttp://koha.tu.koszalin.pl/cgi-bin/koha/opac-detail.pl?biblionumber=531
_yKatalog online BPK
942 _2UKD
_cKS
999 _c531
_d531